000 01065nas a2200289 4500
001 BR8103547
003 BR-BrBNA
005 20231205084803.0
007 ta
008 230509b bl.|||p| |||| 00| 00por d
040 _aBR-BrBNA
_bpor
_cBiblioteca Nacional de Agricultura
041 _a(Pt)
072 _aH20
100 1 _aTanaka, M.A.S.
245 1 _aDoencas do girassol [Helianthus annuus; Ferrugem; Puccinia helianthi; Murcha de verticillium; Verticillium dahliae; Podridao da haste; Sclerotima sclerotiorum; Podridao negra; Macraphomina phaseolina; Mildio; Plasmopara halstedii; Nematoide; Brasil]
650 _aDoenca de planta
650 _aGirassol
650 _aFerrugem
650 _aMurcha de verticillium
650 _aPodridao da haste
650 _aPodridao negra
650 _aMildio
650 _aNematoide
773 0 _tInforme Agropecuario - Empresa de Pesquisa Agropecuaria de Minas Gerais (Brazil)
_xISSN 0100-3364
_g(Oct 1981), v. 7(82) p. 84-86
_wBR8103547
909 _a202311
_bLúcia
_c55
_dLúcia Elande
942 _2AGRIS
_n0
_cANA
999 _c107276
_d107276